000 01177nam a22003377a 4500
003 CHAP
005 20251111094119.0
008 100806s2007 mx a r 00010 spa d
010 _a99018
011 _a99990
020 _a9789680204311
035 _a110676
040 _cCHAP
082 1 4 _a338.9
_bD45
245 0 0 _aDesarrollo económico sustentable y calidad de vida
_c/coordinado por Esther Figueroa Hernández, María Elena Tavera Cortés y Francisco Pérez Soto
260 _aChapingo, Méx. :
_bUACH,
_c2007
300 _a370 p. :
_bilus., cuadros, diagramas, gráficas
590 _aBATCH-UPD
_b10
_c20130110
_lUCH01
_h0958
590 _aBATCH-UPD
_b10
_c20130410
_lUCH01
_h0610
590 _aBATCH-UPD
_b10
_c20130914
_lUCH01
_h1153
590 _aCONVERSION
_b10
_c20130109
_lUCH01
_h1355
650 1 4 _aDesarrollo económico.
650 1 4 _aDesarrollo rural.
_932067
650 1 4 _aDesarrollo sustentable.
700 1 _aFigueroa Hernández, Esther
_940817
700 0 _aPérez Soto, Francisco.
_990046
700 1 _aTavera Cortés, María Elena.
_9111761
901 _aBK
942 _cLIBRO
949 _a338.9 D45
_bBC
_cUACH
_d33724002216454
_eUACH
_h113094
_i110676
_sb
999 _c99018
_d99018